00692 2200265 4500001002100000005001700021020002200038035002500060040001200085082002100097084002500118090002500143100001900168245002900187250001100216260003800227300003600265500001100301504003100312650002300343850001200366990001600378990001600394990001600410YOGYA00000000009961020160428100641.0 a978-602-8479-38-7 a0010-101300000000503 aYOPDYOG 2[22]a808.899222 aNUS 808.899222 Suw B aNUS 808.899222 Suw B aSUWARNA, 1964- aBahasa pewarac/ Suwarna aCet.1. aYogyakartabPustaka Pelajarc2009 aix, 365 hlm.c; 24 cm. (3 eks.) aIndeks aBibliografi : hlm. 346-356 aPembawa Acara-Jawa aYOPDYOG a0685/B.2013 a0686/B.2013 a0687/B.2013